000 00608nam a2200241Ia 4500
003 OSt
005 20221007072213.0
006 a|||||r|||| 00| 0
007 ta
008 221006b |||||||| |||| 00| 0 eng d
024 _a42,907
037 _cTextual
040 _aFLL
_cFLL
_beng
041 _2eng
_aeng
082 _aX:54:Z1, Q4
100 _aCarr Indira
_9690246
245 0 _aInternational trade law
250 _a5th
260 _aLondon
_bRoutledge UK
_c2014
300 _alxxxvi,703p
_ccm.
942 _hX:54:Z1, Q4
_cTEXL
_2CC
999 _c1145425
_d1145425